| 000 | 01696nam a22003257a 4500 | ||
|---|---|---|---|
| 003 | DO-SdBNP | ||
| 005 | 20240115110844.0 | ||
| 008 | 210426b2018 dr 00| 0 spa d | ||
| 020 | _a9789945176094 | ||
| 040 |
_aBPMSU _bspa _cBPMSU |
||
| 082 | 4 |
_aRD863.5 _bH565p 2018 _222 |
|
| 092 | _a | ||
| 100 | 1 |
_aHerrera, Elías _d |
|
| 245 | 1 | 3 |
_aEl parque de los abuelos / _cElías Herrera ; Ilustración: Reison Vásquez ; investigación: Laura V. Sánchez-Vincitore ; coordinación pedagógica: Cledenin Veras / |
| 260 |
_aSanto Domingo: _bAgencia de los Estados Unidos para el Desarrollo Internacional (USAID) ; _bUniversidad Iberoamericana (UNIBE), _c2018 |
||
| 300 |
_a39 p. : _bils. ; _c21 cm. |
||
| 490 | 0 |
_aLa liga de la esperanza, _v5 |
|
| 500 |
_aTipologías textuales: Narraciones literaria ; poemas _3 |
||
| 505 | 0 | _a Tipologías textuales -- Narración literaria -- Mensajes de textos | |
| 520 | _aUn virus llega a Villa Esperanza. Varias personas se enferman, entre ellas doña Yoli, abuela de la profesora Cándida y antigua directora de la Escuela Mamá Tingó. Algunos habitantes son indiferentes a la situación y otros se asustan. Los miembros de la Liga de la Esperanza junto con otros vecinos presentan una obra de teatro para educar sobre el virus, sus síntomas y la manera de combatirlo. | ||
| 590 | _aInventariado, 2024/VM | ||
| 650 | 4 | _aCuentos juveniles dominicanos | |
| 650 | 4 |
_aParques _vCuentos |
|
| 650 | 4 |
_aSolidaridad _vCuentos |
|
| 650 | 4 | _aLiteratura juvenil dominicana | |
| 700 | 1 |
_3Sánchez-Vincitore, Laura V. _einvestigadora |
|
| 700 | 1 |
_3Veras, Cledenin _einvestigador pedagógico |
|
| 910 | _aVMateo V. Control de calidad. BPMSU | ||
| 942 |
_2ddc _cBK |
||
| 999 |
_c14523 _d14523 |
||